[Event "17th SLO-ch"]
[Site "Ljubljana SLO"]
[Date "2007.08.11"]
[Round "1"]
[White "Jeran, Bostjan"]
[Black "Skoberne, Jure"]
[Result "0-1"]
[WhiteElo "2153"]
[BlackElo "2479"]
[PlyCount "70"]
[EventDate "2007.08.11"]

1. e4 c5 2. Nf3 Nc6 3. Bb5 g6 4. Bxc6 bxc6 5. O-O Bg7 6. Re1 Nh6 7. c3 O-O 8. d4 cxd4 9. cxd4 d6 10. Nbd2 Qb6 11. Nc4 Qa6 12. Ne3 Rb8 13. h3 Be6 14. g4 Kh8 15. d5 Bd7 16. dxc6 Bxc6 17. Nd5 Ng8 18. Nd4 Bb7 19. g5 e6 20. Nc3 Rfd8 21. Nb3 f5 22. Nd4 Qc4 23. Ndb5 d5 24. exf5 exf5 25. Na3 Qh4 26. Qd3 f4 27. Qf3 Qxg5+ 28. Kh2 d4 29. Ne4 Qf5 30. Nc4 Nf6 31. Ncd6 Bxe4 32. Nxe4 Nxe4 33. Rxe4 d3 34. Bxf4 g5 35. Rg1 d2 0-1

[Event "17th SLO-ch"]
[Site "Ljubljana SLO"]
[Date "2007.08.11"]
[Round "1"]
[White "Sakelsek, Tadej"]
[Black "Barle, Janez"]
[Result "1/2-1/2"]
[WhiteElo "2479"]
[BlackElo "2400"]
[PlyCount "91"]
[EventDate "2007.08.11"]

1. e4 c5 2. Nf3 a6 3. c4 d6 4. d4 Bg4 5. dxc5 Bxf3 6. gxf3 dxc5 7. Qxd8+ Kxd8 8. Be3 e6 9. Nc3 Nd7 10. O-O-O Kc7 11. f4 Nh6 12. f5 Ng4 13. fxe6 fxe6 14. Bf4+ e5 15. Bg3 Bd6 16. Bh3 h5 17. Rd3 Ngf6 18. Bxd7 Nxd7 19. Rhd1 Rh6 20. Nd5+ Kc6 21. Ne3 Rf8 22. Nf5 Rxf5 23. exf5 h4 24. Bxh4 e4 25. Rd5 Bf4+ 26. Kc2 Nb6 27. Be7 Nxd5 28. cxd5+ Kd7 29. Bxc5 Rxh2 30. Rg1 Bh6 31. Kc3 Rh5 32. Kd4 Rxf5 33. Kxe4 Rf4+ 34. Kd3 Rf5 35. Bd4 Kd6 36. Bxg7 Bxg7 37. Rxg7 Rxf2 38. Rxb7 Kxd5 39. a4 Kc6 40. Rb4 Rf5 41. Kc3 Rf3+ 42. Kc2 Rf2+ 43. Kb3 Rf3+ 44. Ka2 Kc7 45. b3 Rf5 46. Rc4+ 1/2-1/2

[Event "17th SLO-ch"]
[Site "Ljubljana SLO"]
[Date "2007.08.11"]
[Round "1"]
[White "Sebenik, Matej"]
[Black "Pavasovic, Dusko"]
[Result "0-1"]
[WhiteElo "2465"]
[BlackElo "2584"]
[PlyCount "130"]
[EventDate "2007.08.11"]

1. c4 e6 2. d4 d5 3. Nf3 Nf6 4. g3 dxc4 5. Bg2 b5 6. Ne5 Nd5 7. O-O a6 8. a4 c6 9. e4 Nf6 10. Nc3 Bb7 11. axb5 cxb5 12. d5 Bd6 13. Ng4 e5 14. Bg5 Nbd7 15. Ne3 h6 16. Nf5 Bf8 17. Bxf6 Qxf6 18. d6 g6 19. Nd5 Bxd5 20. Qxd5 Ra7 21. Qc6 gxf5 22. Rxa6 Rxa6 23. Qc8+ Qd8 24. Qxa6 Qb8 25. Rd1 h5 26. Bh3 Rh6 27. Bxf5 Rxd6 28. Rxd6 Bxd6 29. Qc6 Qc7 30. Qxb5 Ke7 31. Bxd7 Qxd7 32. Qxc4 h4 33. Kg2 h3+ 34. Kf3 Qb7 35. b3 f5 36. g4 fxe4+ 37. Qxe4 Qxb3+ 38. Ke2 Qb2+ 39. Kf3 Qc3+ 40. Ke2 Qb2+ 41. Kf3 Qb3+ 42. Ke2 Kf8 43. g5 Kg7 44. Qf5 Qc4+ 45. Kd1 Qd4+ 46. Ke2 Be7 47. Kf3 Qd1+ 48. Kg3 Qg1+ 49. Kxh3 Qxg5 50. Qd7 Kh6 51. f3 Kg6 52. Qe6+ Kg7 53. Qd7 Qh6+ 54. Kg2 Qd6 55. Qc8 Qd2+ 56. Kg3 Qd6 57. Kg2 Bg5 58. Qb7+ Qe7 59. Qd5 Bf4 60. h3 Qf7 61. Qa8 Qg6+ 62. Kf1 Qd3+ 63. Kf2 Be3+ 64. Kg2 Qc2+ 65. Kh1 Qd1+ 0-1

[Event "17th SLO-ch"]
[Site "Ljubljana SLO"]
[Date "2007.08.11"]
[Round "1"]
[White "Tratar, Marko"]
[Black "Lenic, Luka"]
[Result "1/2-1/2"]
[WhiteElo "2491"]
[BlackElo "2538"]
[PlyCount "155"]
[EventDate "2007.08.11"]

1. Nf3 Nf6 2. c4 e6 3. Nc3 Bb4 4. Qc2 c5 5. a3 Ba5 6. g3 O-O 7. Bg2 Nc6 8. O-O d6 9. d3 h6 10. Rb1 e5 11. Na2 Rb8 12. b4 Bc7 13. Nc3 Bg4 14. e3 b6 15. Ne1 Ne7 16. f4 exf4 17. gxf4 Nf5 18. Qf2 cxb4 19. axb4 b5 20. Nxb5 Bb6 21. Nc2 Re8 22. Nc3 Rc8 23. Na4 d5 24. c5 Qd7 25. Nc3 Bd8 26. h3 Bh5 27. e4 d4 28. Nd1 Qa4 29. Nb2 Qd7 30. Nc4 Ne3 31. N2xe3 dxe3 32. Bxe3 Qxd3 33. Nd6 Nxe4 34. Bxe4 Rxe4 35. Nxe4 Qxe4 36. b5 Bh4 37. Qxh4 Qxe3+ 38. Qf2 Qxc5 39. Qxc5 Rxc5 40. Rfc1 Rf5 41. Rb4 Be2 42. Rcb1 Rc5 43. Kf2 Bd3 44. R1b2 Bf5 45. Ra4 Rc7 46. h4 Rb7 47. Ke3 Bd7 48. Ra5 Rb6 49. Kd4 a6 50. Rxa6 Rxb5 51. Rxb5 Bxb5 52. Rb6 Be2 53. Ke5 Bg4 54. Kd6 Kh7 55. Ke7 Be6 56. Rb5 Bc4 57. Rc5 Bb3 58. f5 h5 59. Kf8 Kh6 60. Rc3 Ba2 61. Rg3 Bb1 62. Rg5 g6 63. f6 Ba2 64. Ra5 Bc4 65. Ke7 Bb3 66. Ra8 Kh7 67. Rf8 g5 68. hxg5 Kg6 69. Rg8+ Kf5 70. Rb8 Ba2 71. Rb5+ Kg6 72. Rb2 Be6 73. Rb6 Bc4 74. Rb8 Kxg5 75. Rg8+ Kf4 76. Rh8 Kg4 77. Rg8+ Kf4 78. Rh8 1/2-1/2

[Event "17th SLO-ch"]
[Site "Ljubljana SLO"]
[Date "2007.08.12"]
[Round "2"]
[White "Borisek, Jure"]
[Black "Tratar, Marko"]
[Result "0-1"]
[WhiteElo "2506"]
[BlackElo "2491"]
[PlyCount "56"]
[EventDate "2007.08.11"]

1. e4 e6 2. d4 d5 3. Nd2 dxe4 4. Nxe4 Nd7 5. Nf3 Ngf6 6. Nxf6+ Nxf6 7. c3 Be7 8. Qa4+ c6 9. Bd3 O-O 10. Qc2 b6 11. Bg5 h6 12. h4 Ng4 13. Bf4 Bb7 14. O-O-O Qc8 15. Rh3 c5 16. Ne5 Nxe5 17. dxe5 Rd8 18. Qe2 c4 19. Bb1 Rxd1+ 20. Qxd1 Qf8 21. Bxh6 Rd8 22. Qg4 f5 23. exf6 Qxf6 24. Be3 Bc5 25. Bxc5 bxc5 26. Rg3 Rf8 27. Kd1 Rf7 28. Ke2 Qxf2+ 0-1

[Event "17th SLO-ch"]
[Site "Ljubljana SLO"]
[Date "2007.08.12"]
[Round "2"]
[White "Jeran, Bostjan"]
[Black "Sakelsek, Tadej"]
[Result "0-1"]
[WhiteElo "2153"]
[BlackElo "2479"]
[PlyCount "80"]
[EventDate "2007.08.11"]

1. Nf3 Nf6 2. g3 b5 3. Bg2 Bb7 4. O-O e6 5. d3 d6 6. b3 Be7 7. c4 bxc4 8. bxc4 c5 9. Nc3 Nbd7 10. a4 O-O 11. Bf4 a6 12. a5 Qc7 13. Qa4 Bc6 14. Qa2 Rfb8 15. Rfb1 Bd8 16. Ng5 Bxg2 17. Kxg2 Qc6+ 18. Kg1 Ne8 19. h4 h6 20. Nge4 f5 21. Nd2 Bf6 22. Qc2 Qc7 23. e4 Rxb1+ 24. Ndxb1 fxe4 25. dxe4 Bd4 26. Ra3 Nef6 27. Nd1 Nb8 28. Rb3 Nc6 29. Bd2 Nxa5 30. Ra3 Nc6 31. Nbc3 Rf8 32. Qa4 Ng4 33. Be1 Nce5 34. Qxa6 Nf3+ 35. Kf1 Nxe1 36. Kxe1 Nxf2 37. Nb5 Qf7 38. Nxd4 cxd4 39. c5 dxc5 40. Qc4 Nxe4 0-1

[Event "17th SLO-ch"]
[Site "Ljubljana SLO"]
[Date "2007.08.12"]
[Round "2"]
[White "Lenic, Luka"]
[Black "Sebenik, Matej"]
[Result "0-1"]
[WhiteElo "2538"]
[BlackElo "2465"]
[PlyCount "96"]
[EventDate "2007.08.11"]

1. d4 d6 2. c4 g6 3. Nc3 Bg7 4. e4 e5 5. Nf3 Nc6 6. d5 Nce7 7. Be2 f5 8. Ng5 Nf6 9. exf5 Nxf5 10. Nge4 h6 11. O-O O-O 12. Nxf6+ Qxf6 13. Bg4 Qh4 14. g3 Qf6 15. Ne4 Qf7 16. f3 Bd7 17. Qd3 c6 18. a4 a5 19. b3 cxd5 20. cxd5 b5 21. Ba3 b4 22. Bb2 Bc8 23. Bxf5 Bxf5 24. Kg2 Qd7 25. Rf2 g5 26. Kg1 Rf7 27. Qb5 Qe7 28. Qc6 Rd8 29. Raf1 Bh3 30. Qb6 Bxf1 31. Kxf1 Rdf8 32. Qe3 g4 33. Nd2 gxf3 34. Qe4 Qd7 35. Kg1 Qa7 36. Nc4 Rf6 37. Bc1 Qd4 38. Qxd4 exd4 39. Bf4 Rf5 40. Rxf3 Rxd5 41. Rd3 Rf6 42. Nb6 Rc5 43. Nd7 Rc3 44. Nxf6+ Bxf6 45. Rd1 Rxb3 46. Bxh6 Ra3 47. Rf1 Be5 48. g4 d3 0-1

[Event "17th SLO-ch"]
[Site "Ljubljana SLO"]
[Date "2007.08.13"]
[Round "3"]
[White "Gombac, Jan"]
[Black "Jeran, Bostjan"]
[Result "1-0"]
[WhiteElo "2290"]
[BlackElo "2153"]
[PlyCount "79"]
[EventDate "2007.08.11"]

1. e4 c5 2. Nc3 a6 3. a4 e6 4. Bc4 b6 5. Nf3 d6 6. O-O Nf6 7. d4 cxd4 8. Nxd4 Be7 9. f4 Qc7 10. Bb3 O-O 11. f5 e5 12. Nde2 Bb7 13. Ng3 Nbd7 14. Bg5 Rac8 15. Bxf6 Bxf6 16. Qe2 Kh8 17. Rad1 Qc5+ 18. Kh1 Bc6 19. Qxa6 Bh4 20. Qd3 Nf6 21. Qxd6 Qe3 22. Qd2 Qc5 23. Qd6 Qe3 24. Qxe5 Qh6 25. Qf4 Bg5 26. Qf3 Qh4 27. h3 Rce8 28. Bd5 Bxd5 29. Nxd5 Nxe4 30. Nxe4 Rxe4 31. b3 Rfe8 32. Kh2 Re2 33. c4 Rc2 34. Qg3 Qh6 35. Rde1 Rd8 36. Re4 Bf6 37. Rfe1 g5 38. Re8+ Kg7 39. Nxf6 Rdd2 40. Rg8+ 1-0

[Event "17th SLO-ch"]
[Site "Ljubljana SLO"]
[Date "2007.08.13"]
[Round "3"]
[White "Pavasovic, Dusko"]
[Black "Lenic, Luka"]
[Result "1-0"]
[WhiteElo "2584"]
[BlackElo "2538"]
[PlyCount "53"]
[EventDate "2007.08.11"]

1. e4 c5 2. Nf3 e6 3. c3 d5 4. exd5 Qxd5 5. d4 Nf6 6. Be3 cxd4 7. cxd4 Bd7 8. Nc3 Qa5 9. Bc4 Bc6 10. O-O Nbd7 11. d5 exd5 12. Re1 Be7 13. b4 Qxb4 14. Nxd5 Bxd5 15. Bxd5 Qb5 16. Bg5 O-O 17. Rxe7 Nxd5 18. Nd4 Qa5 19. Rxd7 Nb6 20. Bd2 Qe5 21. Nf3 Qxa1 22. Qxa1 Nxd7 23. Bc3 f6 24. Qd1 Rac8 25. Qxd7 Rxc3 26. h4 Rb8 27. Nd4 1-0

[Event "17th SLO-ch"]
[Site "Ljubljana SLO"]
[Date "2007.08.13"]
[Round "3"]
[White "Sakelsek, Tadej"]
[Black "Skoberne, Jure"]
[Result "1/2-1/2"]
[WhiteElo "2479"]
[BlackElo "2479"]
[PlyCount "65"]
[EventDate "2007.08.11"]

1. e4 d6 2. d4 Nf6 3. Nc3 g6 4. f4 Bg7 5. Nf3 O-O 6. a3 Bg4 7. h3 Bxf3 8. Qxf3 Nc6 9. d5 Nd4 10. Qf2 e5 11. dxe6 Nxe6 12. Bd3 Nc5 13. O-O Re8 14. Re1 c6 15. Bd2 Qb6 16. Rab1 Nxd3 17. cxd3 Qa6 18. d4 Qd3 19. e5 Nd5 20. Nxd5 cxd5 21. Bb4 dxe5 22. dxe5 f6 23. Rbd1 Qb3 24. e6 Rxe6 25. Rxe6 Qxd1+ 26. Kh2 d4 27. Re2 d3 28. Rd2 Qb3 29. Qf3 Rd8 30. Qxb7 Qc4 31. Qxa7 Qxf4+ 32. g3 Qe4 33. Qe7 1/2-1/2

[Event "17th SLO-ch"]
[Site "Ljubljana SLO"]
[Date "2007.08.13"]
[Round "3"]
[White "Sebenik, Matej"]
[Black "Borisek, Jure"]
[Result "1/2-1/2"]
[WhiteElo "2465"]
[BlackElo "2506"]
[PlyCount "74"]
[EventDate "2007.08.11"]

1. Nf3 Nf6 2. c4 e6 3. d4 d5 4. g3 dxc4 5. Bg2 Nc6 6. O-O Rb8 7. Nc3 a6 8. e4 Be7 9. d5 Nb4 10. Ne5 exd5 11. exd5 Bf5 12. a3 Nd3 13. Nxc4 Nxc1 14. Rxc1 O-O 15. Qd4 Ne8 16. Ne5 Nd6 17. h3 Re8 18. g4 Bf6 19. f4 Bd7 20. Rfe1 g5 21. Rcd1 Bg7 22. Qf2 gxf4 23. Qxf4 Qh4 24. Re2 Bb5 25. Nxb5 axb5 26. Nf3 Qf6 27. Qxf6 Bxf6 28. Rc2 h6 29. Bf1 Re4 30. Rd3 Rc4 31. Rdd2 Rxc2 32. Rxc2 Re8 33. Kf2 Re7 34. Bd3 Kf8 35. b3 Ke8 36. Re2 Rxe2+ 37. Kxe2 Bb2 1/2-1/2

[Event "17th SLO-ch"]
[Site "Ljubljana SLO"]
[Date "2007.08.13"]
[Round "3"]
[White "Tratar, Marko"]
[Black "Barle, Janez"]
[Result "1-0"]
[WhiteElo "2491"]
[BlackElo "2400"]
[PlyCount "115"]
[EventDate "2007.08.11"]

1. d4 e6 2. c4 b6 3. e4 Bb7 4. Bd3 Nc6 5. Ne2 Nb4 6. Nbc3 Nxd3+ 7. Qxd3 Ne7 8. O-O d5 9. cxd5 exd5 10. e5 Qd7 11. Ng3 O-O-O 12. f4 c5 13. Be3 Nc6 14. Nge2 Kb8 15. a3 Qc8 16. Rfd1 Ba6 17. Qc2 cxd4 18. Nxd4 Nxd4 19. Bxd4 Qg4 20. Qf2 Bb7 21. Rd2 Be7 22. h3 Qh4 23. Qxh4 Bxh4 24. Rad1 Rd7 25. Be3 Rhd8 26. Nb5 Be7 27. Nd4 Bc5 28. Kf2 Bxd4 29. Bxd4 Bc6 30. f5 Re8 31. Re1 Kb7 32. g4 Rde7 33. Kg3 Rg8 34. Kf4 Rc8 35. h4 Ba4 36. Bc3 Rc4+ 37. Rd4 Rxd4+ 38. Bxd4 Bc2 39. e6 fxe6 40. fxe6 Be4 41. Ke5 Kc7 42. Rc1+ Kd8 43. Kd6 Bd3 44. Rc8+ Kxc8 45. Kxe7 g5 46. hxg5 Bg6 47. a4 Bc2 48. Be5 Be4 49. b4 Bc2 50. Kf8 Bg6 51. b5 Kd8 52. Bf6+ Kc8 53. Bd4 Kd8 54. a5 bxa5 55. Bxa7 a4 56. Bc5 Kc7 57. e7 Kd7 58. b6 1-0

[Event "17th SLO-ch"]
[Site "Ljubljana SLO"]
[Date "2007.08.14"]
[Round "4"]
[White "Barle, Janez"]
[Black "Sebenik, Matej"]
[Result "0-1"]
[WhiteElo "2400"]
[BlackElo "2465"]
[PlyCount "62"]
[EventDate "2007.08.11"]

1. Nf3 d6 2. d4 g6 3. Bf4 Bg7 4. e3 Nf6 5. c4 Nh5 6. Bg5 Nd7 7. Nc3 h6 8. Bh4 g5 9. Nd2 Ndf6 10. Be2 gxh4 11. Bxh5 Nxh5 12. Qxh5 e5 13. dxe5 Bxe5 14. Nf3 Bxc3+ 15. bxc3 Qf6 16. Rc1 h3 17. g3 Rg8 18. Nd2 Rg5 19. Ne4 Qg6 20. Qh4 Re5 21. Nf6+ Kf8 22. Nd5 Bg4 23. O-O c6 24. f4 Rh5 25. Qe7+ Kg7 26. Nc7 Rc8 27. Ne8+ Rxe8 28. Qxe8 Be6 29. f5 Rxf5 30. Qe7 Rxf1+ 31. Rxf1 Bxc4 0-1

[Event "17th SLO-ch"]
[Site "Ljubljana SLO"]
[Date "2007.08.14"]
[Round "4"]
[White "Borisek, Jure"]
[Black "Pavasovic, Dusko"]
[Result "1/2-1/2"]
[WhiteElo "2506"]
[BlackElo "2584"]
[PlyCount "45"]
[EventDate "2007.08.11"]

1. e4 e5 2. Nf3 Nc6 3. Bb5 a6 4. Ba4 Nf6 5. O-O Be7 6. Bxc6 dxc6 7. d3 Nd7 8. Nbd2 O-O 9. Nc4 f6 10. a4 Nc5 11. b3 Bg4 12. Ne3 Bh5 13. Nf5 Ne6 14. Ng3 Bxf3 15. Qxf3 Nd4 16. Qd1 Qd7 17. Be3 c5 18. Ne2 Rae8 19. Nxd4 cxd4 20. Bd2 Bd6 21. f4 exf4 22. Bxf4 Bxf4 23. Rxf4 1/2-1/2

[Event "17th SLO-ch"]
[Site "Ljubljana SLO"]
[Date "2007.08.14"]
[Round "4"]
[White "Jeran, Bostjan"]
[Black "Tratar, Marko"]
[Result "0-1"]
[WhiteElo "2153"]
[BlackElo "2491"]
[PlyCount "82"]
[EventDate "2007.08.11"]

1. e4 c5 2. Nf3 e6 3. Nc3 a6 4. d4 cxd4 5. Nxd4 d6 6. Be3 Nf6 7. Qd2 b5 8. f3 Nbd7 9. g4 Nb6 10. O-O-O Bb7 11. Qf2 Nfd7 12. Kb1 Rc8 13. Bd3 Rxc3 14. bxc3 Na4 15. Qe1 Qc7 16. Ne2 Be7 17. Rf1 O-O 18. g5 Rc8 19. h4 d5 20. h5 Ne5 21. Bc1 b4 22. cxb4 Nxf3 23. Qg3 Nc3+ 24. Ka1 Nxd1 25. Qxf3 Bxb4 26. Rxd1 dxe4 27. Bxe4 Qe5+ 28. Rd4 Bc5 29. Bxb7 Bxd4+ 30. Nxd4 Qxd4+ 31. Kb1 Rb8 32. h6 Qd5 33. Bb2 Qxb7 34. Qxb7 Rxb7 35. hxg7 Rb5 36. Kc1 Rxg5 37. Kd2 h5 38. c4 h4 39. Bf6 h3 40. Bxg5 h2 41. Bf6 h1=Q 0-1

[Event "17th SLO-ch"]
[Site "Ljubljana SLO"]
[Date "2007.08.14"]
[Round "4"]
[White "Sakelsek, Tadej"]
[Black "Gombac, Jan"]
[Result "1-0"]
[WhiteElo "2479"]
[BlackElo "2290"]
[PlyCount "89"]
[EventDate "2007.08.11"]

1. e4 e5 2. Nf3 Nc6 3. Bb5 a6 4. Ba4 Nf6 5. O-O Be7 6. Re1 b5 7. Bb3 d6 8. c3 O-O 9. d4 Bg4 10. d5 Na5 11. Bc2 c6 12. h3 Bc8 13. dxc6 Qc7 14. Nbd2 Qxc6 15. Nf1 Be6 16. Ng5 Nb7 17. Ne3 Nc5 18. Nxe6 fxe6 19. f3 Rfe8 20. b4 Ncd7 21. Bb3 Nf8 22. c4 Bd8 23. Kh2 Bb6 24. cxb5 axb5 25. Bb2 Kh8 26. a4 Qd7 27. a5 Ba7 28. Qd2 Ng6 29. Ng4 Rf8 30. Nxf6 Rxf6 31. Rac1 Qe7 32. Rc6 Rd8 33. Rec1 h6 34. Rc7 Rd7 35. Qc3 d5 36. Rxd7 Qxd7 37. Qc8+ Qxc8 38. Rxc8+ Kh7 39. exd5 exd5 40. Bxd5 Be3 41. Be4 Bd2 42. Bxe5 Re6 43. Bc3 Bf4+ 44. g3 Be3 45. Rc7 1-0

[Event "17th SLO-ch"]
[Site "Ljubljana SLO"]
[Date "2007.08.15"]
[Round "5"]
[White "Gombac, Jan"]
[Black "Skoberne, Jure"]
[Result "0-1"]
[WhiteElo "2290"]
[BlackElo "2479"]
[PlyCount "56"]
[EventDate "2007.08.11"]

1. d4 d6 2. Nf3 Nf6 3. c3 Bf5 4. Qb3 Qc8 5. g3 e6 6. Bg2 Be7 7. O-O h6 8. c4 d5 9. Nc3 c6 10. Bf4 Nbd7 11. Rac1 O-O 12. Nd2 Nb6 13. e4 dxe4 14. Ndxe4 Rd8 15. Rfd1 g5 16. Be3 Ng4 17. Ne2 Rd7 18. Bd2 Qf8 19. Qf3 Qg7 20. Ba5 Qg6 21. Nd2 Nf6 22. Bc3 Na4 23. h3 Rad8 24. Nb1 Be4 25. Qe3 Bxg2 26. Kxg2 Ne4 27. Ba5 Nxb2 28. Rc2 Nxd1 0-1

[Event "17th SLO-ch"]
[Site "Ljubljana SLO"]
[Date "2007.08.15"]
[Round "5"]
[White "Lenic, Luka"]
[Black "Borisek, Jure"]
[Result "1/2-1/2"]
[WhiteElo "2538"]
[BlackElo "2506"]
[PlyCount "101"]
[EventDate "2007.08.11"]

1. Nf3 Nf6 2. c4 e6 3. d4 d5 4. cxd5 exd5 5. Nc3 c6 6. Bg5 Be7 7. Qc2 g6 8. e3 Bf5 9. Bd3 Bxd3 10. Qxd3 O-O 11. O-O Nbd7 12. Qc2 Re8 13. Rab1 a5 14. a3 Ne4 15. Bxe7 Qxe7 16. b4 axb4 17. axb4 b5 18. Nxe4 dxe4 19. Nd2 Rac8 20. Nb3 Nf6 21. Na5 Nd5 22. Qb3 Qd7 23. Rbc1 Re6 24. Rc5 Ne7 25. Rfc1 Ra8 26. h3 Ra6 27. R1c2 Nd5 28. Ra2 Rd6 29. Qb2 Re6 30. Qb3 Rd6 31. Qb2 Re6 32. Ra3 h5 33. Nc4 Rxa3 34. Nxa3 Rf6 35. Nb1 Re6 36. Nc3 Nxc3 37. Qxc3 Rd6 38. d5 Rxd5 39. Rxc6 Qe7 40. Rc8+ Rd8 41. Qc5 Qxc5 42. Rxc5 Rd1+ 43. Kh2 Rd2 44. Kg3 h4+ 45. Kxh4 Rxf2 46. Kg3 Re2 47. Rxb5 Rxe3+ 48. Kf4 Rb3 49. Kxe4 Rg3 50. Rc5 Rxg2 51. Kf3 1/2-1/2

[Event "17th SLO-ch"]
[Site "Ljubljana SLO"]
[Date "2007.08.15"]
[Round "5"]
[White "Pavasovic, Dusko"]
[Black "Barle, Janez"]
[Result "1-0"]
[WhiteElo "2584"]
[BlackElo "2400"]
[PlyCount "53"]
[EventDate "2007.08.11"]

1. e4 c5 2. Nf3 a6 3. c3 d5 4. exd5 Qxd5 5. d4 Nf6 6. Be3 cxd4 7. cxd4 e6 8. Nc3 Qd6 9. Bd3 Nc6 10. a3 Be7 11. O-O O-O 12. Qe2 Rd8 13. Rad1 Bd7 14. Rfe1 Qc7 15. Bg5 Be8 16. Bb1 h6 17. Bh4 Nd5 18. Qc2 g6 19. Nxd5 Rxd5 20. Bxe7 Qxe7 21. Ba2 Rd6 22. d5 Nd8 23. Qc5 b6 24. Qe3 Kg7 25. dxe6 Rxd1 26. Rxd1 Nxe6 27. Qxb6 1-0

[Event "17th SLO-ch"]
[Site "Ljubljana SLO"]
[Date "2007.08.15"]
[Round "5"]
[White "Sebenik, Matej"]
[Black "Jeran, Bostjan"]
[Result "1-0"]
[WhiteElo "2465"]
[BlackElo "2153"]
[PlyCount "77"]
[EventDate "2007.08.11"]

1. Nf3 Nf6 2. c4 c6 3. Nc3 d5 4. e3 Bg4 5. cxd5 Nxd5 6. d4 e6 7. Be2 Nd7 8. e4 N5b6 9. O-O Be7 10. a4 a5 11. Qb3 O-O 12. Be3 Bb4 13. Rfd1 Qe7 14. h3 Bh5 15. Na2 c5 16. Nxb4 cxb4 17. d5 exd5 18. exd5 Qd6 19. Rd4 Nc5 20. Qd1 Nbd7 21. Bf4 Qb6 22. g4 Bg6 23. Bb5 Rfe8 24. Rc1 Re4 25. d6 Qd8 26. Bg5 f6 27. Be3 Rc8 28. Nh4 Rxd4 29. Qxd4 Ne6 30. Rxc8 Qxc8 31. Nxg6 hxg6 32. Qd5 Kf7 33. f4 f5 34. gxf5 gxf5 35. Qxf5+ Nf6 36. Qd3 Nf8 37. Bc4+ Ke8 38. Bb6 Qb8 39. Qe2+ 1-0

[Event "17th SLO-ch"]
[Site "Ljubljana SLO"]
[Date "2007.08.16"]
[Round "6"]
[White "Gombac, Jan"]
[Black "Tratar, Marko"]
[Result "0-1"]
[WhiteElo "2290"]
[BlackElo "2491"]
[PlyCount "70"]
[EventDate "2007.08.11"]

1. e4 c5 2. Nc3 a6 3. f4 e6 4. Nf3 Nc6 5. d4 cxd4 6. Nxd4 Nxd4 7. Qxd4 b5 8. b3 Bb7 9. Bb2 Qc7 10. e5 Rc8 11. b4 Ne7 12. a3 Nf5 13. Qd2 d6 14. O-O-O dxe5 15. fxe5 g6 16. Kb1 Bh6 17. Qf2 Be3 18. Qe2 h5 19. h4 Qb8 20. Rh3 Qa7 21. g4 hxg4 22. Qxg4 Rh5 23. Be2 Qa8 24. Rd3 Rc4 25. Qxh5 gxh5 26. Rdxe3 Nxe3 27. Rxe3 Rxh4 28. Rg3 Rh1+ 29. Nd1 Ke7 30. Bd4 Qh8 31. Kb2 h4 32. Rc3 Kd7 33. Ne3 Rh3 34. Rc5 Rxe3 35. Bxe3 h3 0-1

[Event "17th SLO-ch"]
[Site "Ljubljana SLO"]
[Date "2007.08.16"]
[Round "6"]
[White "Jeran, Bostjan"]
[Black "Pavasovic, Dusko"]
[Result "0-1"]
[WhiteElo "2153"]
[BlackElo "2584"]
[PlyCount "108"]
[EventDate "2007.08.11"]

1. e4 e5 2. Nf3 Nc6 3. Bb5 Nge7 4. O-O g6 5. c3 Bg7 6. d4 exd4 7. cxd4 a6 8. Ba4 O-O 9. d5 b5 10. dxc6 bxa4 11. Qxa4 Nxc6 12. Bg5 f6 13. Bd2 Rb8 14. Bc3 Ne5 15. Nxe5 fxe5 16. Nd2 d6 17. Qc4+ Kh8 18. f4 exf4 19. Bxg7+ Kxg7 20. Qc3+ Kg8 21. Qc4+ Kh8 22. Qc3+ Qf6 23. Rxf4 Qxc3 24. Rxf8+ Kg7 25. bxc3 Kxf8 26. Kf2 Be6 27. Ke3 Ke7 28. a3 Rb5 29. g3 g5 30. h4 gxh4 31. gxh4 Rh5 32. Rh1 Ra5 33. Ra1 Ra4 34. Nf3 d5 35. Nd2 Bf7 36. h5 dxe4 37. h6 Bg6 38. Rg1 Kf6 39. Kf4 e3+ 40. Kxe3 Rh4 41. Rf1+ Ke7 42. Rf4 Rxh6 43. Kd4 Rh5 44. Nc4 c5+ 45. Ke3 Rh3+ 46. Rf3 Rxf3+ 47. Kxf3 Ke6 48. Ke3 Kd5 49. Nb2 Bc2 50. c4+ Ke5 51. Kd2 Bf5 52. Ke3 Be6 53. Nd3+ Kd6 54. Nb2 h5 0-1

[Event "17th SLO-ch"]
[Site "Ljubljana SLO"]
[Date "2007.08.16"]
[Round "6"]
[White "Sakelsek, Tadej"]
[Black "Sebenik, Matej"]
[Result "1/2-1/2"]
[WhiteElo "2479"]
[BlackElo "2465"]
[PlyCount "35"]
[EventDate "2007.08.11"]

1. d4 Nf6 2. Nf3 g6 3. g3 d5 4. Bg2 Bg7 5. O-O O-O 6. c4 c6 7. cxd5 cxd5 8. Nc3 Ne4 9. Nxe4 dxe4 10. Ng5 Qxd4 11. Qxd4 Bxd4 12. Nxe4 Nc6 13. Rb1 Bf5 14. Bd2 Rac8 15. Rbc1 b6 16. Bc3 Bxc3 17. Nxc3 Nd4 18. Rfe1 1/2-1/2

[Event "17th SLO-ch"]
[Site "Ljubljana SLO"]
[Date "2007.08.16"]
[Round "6"]
[White "Skoberne, Jure"]
[Black "Borisek, Jure"]
[Result "1/2-1/2"]
[WhiteElo "2479"]
[BlackElo "2506"]
[PlyCount "146"]
[EventDate "2007.08.11"]

1. e4 e5 2. Nf3 Nc6 3. Bb5 a6 4. Bxc6 dxc6 5. O-O Be7 6. Nxe5 Qd4 7. Qh5 g6 8. Nf3 Qxe4 9. Qa5 Bg4 10. Re1 Qd5 11. Qxc7 Bxf3 12. Re5 Qd7 13. Qxd7+ Kxd7 14. gxf3 Bd6 15. Re1 Nf6 16. d4 Rhe8 17. Bd2 Nd5 18. Nc3 f5 19. Nxd5 cxd5 20. h3 Rxe1+ 21. Rxe1 Re8 22. Re3 Rc8 23. c3 b5 24. Kf1 a5 25. Ke1 a4 26. Kd1 Rf8 27. Re1 Re8 28. Rh1 Kc6 29. h4 h5 30. Rg1 Re6 31. b3 Kd7 32. Bg5 Bh2 33. Rg2 Bc7 34. Kd2 axb3 35. axb3 Ra6 36. Kd3 Ke8 37. Rg1 Bd6 38. Bc1 Kf7 39. Bg5 Ra2 40. Rf1 Rb2 41. Ra1 Rxf2 42. Ra6 Bg3 43. Ke3 Rb2 44. b4 Rc2 45. Rc6 f4+ 46. Bxf4 Bxh4 47. Be5 Bg5+ 48. f4 Be7 49. Rc7 Ke6 50. Rc6+ Kf5 51. Rc7 Bd8 52. Rf7+ Ke6 53. Rg7 Rxc3+ 54. Kd2 Ra3 55. Rxg6+ Kf5 56. Rd6 Be7 57. Rxd5 h4 58. Rxb5 h3 59. Bd6+ Ke6 60. Bxe7 h2 61. Rh5 Kxe7 62. Re5+ Kd6 63. Re1 Kd5 64. Ke2 Ke4 65. Kf2+ Kxf4 66. Kg2 Ra2+ 67. Kh1 Rb2 68. d5 Rxb4 69. Rd1 Rb7 70. d6 Rd7 71. Kxh2 Ke5 72. Kg3 Rxd6 73. Rxd6 Kxd6 1/2-1/2

[Event "17th SLO-ch"]
[Site "Ljubljana SLO"]
[Date "2007.08.17"]
[Round "7"]
[White "Borisek, Jure"]
[Black "Barle, Janez"]
[Result "1-0"]
[WhiteElo "2506"]
[BlackElo "2400"]
[PlyCount "43"]
[EventDate "2007.08.11"]

1. e4 c5 2. Nf3 a6 3. c3 e6 4. d4 d5 5. e5 Bd7 6. Bd3 cxd4 7. cxd4 Bb5 8. Bc2 Ne7 9. Nc3 Bc6 10. h4 h6 11. h5 Nd7 12. O-O b5 13. Ne2 Nb6 14. Nh4 Nec8 15. g3 Be7 16. Ng2 Nd7 17. f4 Qb6 18. Kh2 f5 19. g4 fxg4 20. Ng3 Na7 21. Qxg4 Qxd4 22. Qxe6 1-0

[Event "17th SLO-ch"]
[Site "Ljubljana SLO"]
[Date "2007.08.17"]
[Round "7"]
[White "Lenic, Luka"]
[Black "Jeran, Bostjan"]
[Result "1-0"]
[WhiteElo "2538"]
[BlackElo "2153"]
[PlyCount "47"]
[EventDate "2007.08.11"]

1. Nf3 Nf6 2. g3 c5 3. Bg2 Nc6 4. O-O g6 5. c4 Bg7 6. d4 cxd4 7. Nxd4 Nxd4 8. Qxd4 d6 9. Nc3 O-O 10. Qd2 a6 11. Rd1 Qc7 12. b3 Bd7 13. Bb2 Bc6 14. a4 Bxg2 15. Kxg2 Rfc8 16. e4 Qc5 17. f3 Bf8 18. a5 Nd7 19. Nd5 b5 20. axb6 Qc6 21. Qg5 f6 22. Qg4 Nc5 23. b4 Nb3 24. Qe6+ 1-0

[Event "17th SLO-ch"]
[Site "Ljubljana SLO"]
[Date "2007.08.17"]
[Round "7"]
[White "Pavasovic, Dusko"]
[Black "Sakelsek, Tadej"]
[Result "1-0"]
[WhiteElo "2584"]
[BlackElo "2479"]
[PlyCount "97"]
[EventDate "2007.08.11"]

1. e4 e5 2. Nf3 Nc6 3. d4 exd4 4. Nxd4 Bc5 5. Be3 Qf6 6. c3 Nge7 7. Bc4 Ne5 8. Be2 Qg6 9. O-O d6 10. Kh1 Qxe4 11. Nd2 Qg6 12. Nb5 O-O 13. Nxc7 Rb8 14. Bh5 Qf5 15. f4 Ng4 16. Bxg4 Qxg4 17. Qxg4 Bxg4 18. Rae1 Bxe3 19. Rxe3 Nf5 20. Re4 Rbc8 21. Nd5 Rfe8 22. Rfe1 Kf8 23. Kg1 Nh6 24. Nc4 Rxe4 25. Rxe4 Be6 26. Nce3 Ng4 27. a3 Bxd5 28. Nxd5 Re8 29. Rxe8+ Kxe8 30. h3 Nh6 31. g4 Ng8 32. Kf2 Ne7 33. Nxe7 Kxe7 34. Ke3 d5 35. Kd4 Kd6 36. a4 a6 37. a5 f6 38. g5 Kc6 39. c4 dxc4 40. Kxc4 Kd6 41. Kd4 Kc6 42. Ke4 Kd6 43. h4 Ke6 44. h5 fxg5 45. fxg5 Kd6 46. Kf5 Kd5 47. h6 gxh6 48. gxh6 Kd6 49. Kf6 1-0